|
|
|
|
| LEADER |
00000nam0a2200000 4500 |
| 001 |
81758 |
| 005 |
20231031095303.0 |
| 020 |
|
|
|a RU
|b 83-55961
|
| 035 |
|
|
|a (RuTPU)RU\TPU\book\87868
|
| 090 |
|
|
|a 81758
|
| 100 |
|
|
|a 20050923d1983 m y0rusy5003 ca
|
| 101 |
1 |
|
|a rus
|
| 102 |
|
|
|a RU
|
| 105 |
|
|
|a y z 000ay
|
| 200 |
1 |
|
|a Луна и грош; Театр; Рассказы
|e пер. с англ.
|f В. С. Моэм
|g пер. Н. Ман, Г. Островской
|
| 210 |
|
|
|a Москва
|c Правда
|d 1983
|
| 215 |
|
|
|a 431 с.
|d 21 см
|
| 610 |
1 |
|
|a английская литература
|
| 610 |
1 |
|
|a романы
|
| 610 |
1 |
|
|a рассказы
|
| 675 |
|
|
|a 82
|z rus
|
| 700 |
|
1 |
|a Моэм
|b В. С.
|g Вильям Сомерсет
|4 070
|
| 702 |
|
1 |
|a Ман
|b Н.
|4 730
|
| 702 |
|
1 |
|a Островская
|b Г.
|4 730
|
| 801 |
|
0 |
|a RU
|b RuMRKP
|c 19950704
|g psbo
|
| 801 |
|
1 |
|a RU
|b 63413507
|c 20050923
|g PSBO
|
| 801 |
|
2 |
|a RU
|b 63413507
|c 20050923
|g PSBO
|
| 942 |
|
|
|c BK
|